<?xml version="1.0" encoding="UTF-8"?>
<collection xmlns="http://www.loc.gov/MARC21/slim">
 <record>
  <leader>01535nam a2200445   4500</leader>
  <controlfield tag="001">DLU090064967</controlfield>
  <controlfield tag="005">##20090113</controlfield>
  <controlfield tag="007">##vd cvaiz|</controlfield>
  <controlfield tag="008">##031211s2005    maua     b    001 0 eng  </controlfield>
  <datafield tag="010" ind1="#" ind2="#">
   <subfield code="a">  2003116460</subfield>
  </datafield>
  <datafield tag="020" ind1="#" ind2="#">
   <subfield code="a">0072875577 (pbk.)</subfield>
  </datafield>
  <datafield tag="020" ind1="#" ind2="#">
   <subfield code="a">0072884614 (DVD)</subfield>
  </datafield>
  <datafield tag="035" ind1="#" ind2="#">
   <subfield code="a">(DLC)  2003116460</subfield>
  </datafield>
  <datafield tag="040" ind1="#" ind2="#">
   <subfield code="a">DLC</subfield>
   <subfield code="c">DLC</subfield>
   <subfield code="d">DLC</subfield>
  </datafield>
  <datafield tag="042" ind1="#" ind2="#">
   <subfield code="a">pcc</subfield>
  </datafield>
  <datafield tag="050" ind1="#" ind2="#">
   <subfield code="a">HB171.5</subfield>
   <subfield code="b">.M473 2005</subfield>
  </datafield>
  <datafield tag="082" ind1="#" ind2="#">
   <subfield code="a">330</subfield>
   <subfield code="b">MC-C</subfield>
  </datafield>
  <datafield tag="100" ind1="#" ind2="#">
   <subfield code="a">McConnell, Campbell R.</subfield>
  </datafield>
  <datafield tag="245" ind1="#" ind2="#">
   <subfield code="a">Macroeconomics :</subfield>
   <subfield code="b">principles, problems, and policies /</subfield>
   <subfield code="c">Campbell R. McConnell, Stanley L. Brue.</subfield>
  </datafield>
  <datafield tag="246" ind1="#" ind2="#">
   <subfield code="i">Title on DVD sleeve:</subfield>
   <subfield code="a">DiscoverEcon with Paul Solman videos</subfield>
  </datafield>
  <datafield tag="246" ind1="#" ind2="#">
   <subfield code="i">Title on DVD:</subfield>
   <subfield code="a">Paul Solman videos for use with economics, macroeconomics, microeconomics</subfield>
  </datafield>
  <datafield tag="250" ind1="#" ind2="#">
   <subfield code="a">16th ed.</subfield>
  </datafield>
  <datafield tag="260" ind1="#" ind2="#">
   <subfield code="a">Boston :</subfield>
   <subfield code="b">McGraw-Hill/Irwin,</subfield>
   <subfield code="c">c2005.</subfield>
  </datafield>
  <datafield tag="300" ind1="#" ind2="#">
   <subfield code="a">1 v. (various pagings) :</subfield>
   <subfield code="b">col. ill. ;</subfield>
   <subfield code="c">26 cm.</subfield>
  </datafield>
  <datafield tag="500" ind1="#" ind2="#">
   <subfield code="a">&quot;16th ed. is accompanied by ... DiscoverEcon with Paul Solman Videos ... which consists of video tutorials by Paul Solman, interactive exercises, and testing&quot;--P. vii.</subfield>
  </datafield>
  <datafield tag="504" ind1="#" ind2="#">
   <subfield code="a">Includes bibliographical references and index.</subfield>
  </datafield>
  <datafield tag="650" ind1="#" ind2="#">
   <subfield code="a">Macroeconomics.</subfield>
  </datafield>
  <datafield tag="700" ind1="#" ind2="#">
   <subfield code="a">Brue, Stanley L.,</subfield>
   <subfield code="d">1945-</subfield>
  </datafield>
  <datafield tag="740" ind1="#" ind2="#">
   <subfield code="a">DiscoverEcon with Paul Solman Videos.</subfield>
  </datafield>
  <datafield tag="740" ind1="#" ind2="#">
   <subfield code="a">Paul Solman videos.</subfield>
  </datafield>
  <datafield tag="923" ind1="#" ind2="#">
   <subfield code="a">21/2008</subfield>
  </datafield>
  <datafield tag="992" ind1="#" ind2="#">
   <subfield code="a">20750</subfield>
  </datafield>
  <datafield tag="994" ind1="#" ind2="#">
   <subfield code="a">DLU</subfield>
  </datafield>
  <datafield tag="900" ind1="#" ind2="#">
   <subfield code="a">True</subfield>
  </datafield>
  <datafield tag="911" ind1="#" ind2="#">
   <subfield code="a">Đào Thị Thu Huyền</subfield>
  </datafield>
  <datafield tag="925" ind1="#" ind2="#">
   <subfield code="a">G</subfield>
  </datafield>
  <datafield tag="926" ind1="#" ind2="#">
   <subfield code="a">A</subfield>
  </datafield>
  <datafield tag="927" ind1="#" ind2="#">
   <subfield code="a">SH</subfield>
  </datafield>
  <datafield tag="980" ind1="#" ind2="#">
   <subfield code="a">Thư viện Trường Đại học Đà Lạt</subfield>
  </datafield>
 </record>
</collection>
